Gaceta civil & procesal civil : (Registro nro. 22014)
[ vista simple ]
| 000 -Cabecera | |
|---|---|
| Campo de control interno | 00850nam a2200277Ia 4500 |
| 005 - Fecha y hora del registro | |
| control field | 20260320113334.0 |
| 008 - Elementos de Longitud Fija | |
| fixed length control field | 260320s9999||||xx |||||||||||||| ||und|| |
| 022 ## - ISSN | |
| ISSN | 23053259 |
| 041 ## - Idioma | |
| Codigo Idioma | ESP |
| 082 ## - DEWEY y NOTACIÓN INTERNA | |
| Dewey | HR 346 OCT 2025 |
| Notación Interna | GCP |
| 100 ## - AUTOR | |
| Autor denominación | |
| Término de relación | |
| 110 ## - AUTOR INSTTITUCIONAL | |
| Autor Institucional | Gaceta Jurídica |
| 245 #0 - TÍTULO DE MATERIAL BIBLIOGRÁFICO | |
| Título | Gaceta civil & procesal civil : |
| Título paralelo | información especializada para abogados y jueces |
| 246 ## - TÍTULO TRADUCIDO | |
| Título | |
| Título paralelo | |
| Autor | |
| 260 ## - CIUDAD, EDITORIAL, AÑO | |
| Ciudad | Lima : |
| Nombre de la Editorial | Gaceta Jurídica, |
| Año | 2025 |
| 300 ## - DESCRIPCIÓN | |
| N° Páginas | 247 páginas : |
| Otros detalles | |
| Dimensiones | 25 cm. |
| Material Adicional | |
| 440 ## - MENCIÓN DE SERIE | |
| Título de la Serie | |
| Número de Serie | |
| Volumen de Serie | |
| 505 ## - TABLA DE CONTENIDO | |
| Tabla de Contenido | Tomo 148 (2025) |
| 650 ## - TEMAS | |
| Temas | Ciencias Sociales |
| 653 ## - DESCRIPTORES | |
| Lenguajes no controlado | Derecho - Revista |
| 654 ## - PROGRAMAS | |
| Programa | |
| 700 ## - OTROS AUTORES | |
| Otros autores | |
| Títulos y otras palabras asociadas con el nombre | |
| 856 ## - URL - UBICACIÓN | |
| URI/URL: Enlace exacto del recurso | <a href="https://0u20wnkiw-y-https-www-gacetajuridica-com-pe.itmsp.museknowledge.com/productos/gaceta-civil-procesal-civil/revistas-digitales">https://0u20wnkiw-y-https-www-gacetajuridica-com-pe.itmsp.museknowledge.com/productos/gaceta-civil-procesal-civil/revistas-digitales</a> |
| Nota pública: Versión digital | <a href="Versión digital">Versión digital</a> |
| 942 ## - ELEMENTOS DE KOHA | |
| Tipo de documento | Revista |
| Nombre del creador | Justo Noguera |
| Código de catalogador | Margarita Torres |
| Esquema de clasificación | Dewey Decimal Classification |
| Suppress in OPAC | |
| Codigo completo | Registro | Colección | Copia número | Disponibilidad | Tipo de préstamo | Biblioteca Actual | Procedencia (Biblioteca) | Ubicacón | Fecha Ingreso | Tipo de Adquisición | Observación | Date last seen | Total checkouts | Price effective from | Tipo de Item | Estado del Material | Fuente de Clasificación | Damaged status | Withdrawn status |
|---|---|---|---|---|---|---|---|---|---|---|---|---|---|---|---|---|---|---|---|
| HR 346 OCT 2025 GCP | 1086824 | Universidad Católica San Pablo | 1 | Disponible | Disponible | Víctor Andrés Belaunde | Víctor Andrés Belaunde | Planta baja abierta | 10/03/2026 | Suscripción | Derecho | 20/03/2026 | 20/03/2026 | Revista | Bueno | Dewey Decimal Classification |




